Autobiography of Malcom X

Tallennettuna:
Bibliografiset tiedot
Päätekijä: Malcom X
Aineistotyyppi: Kirja
Kieli:Undetermined
Julkaistu: Estados Unidos Groven Press 1966
Painos:5
Aiheet:
Tagit: Lisää tagi
Ei tageja, Lisää ensimmäinen tagi!

MARC

LEADER 00000nam a2200000Ia 4500
008 170316s9999 xx 000 0 und d
090 |a 810 M-7a 
100 |a Malcom X 
245 |a Autobiography of Malcom X 
250 |a 5 
260 |a Estados Unidos 
260 |b Groven Press 
260 |c 1966 
300 |a 460 páginas 
650 |a LITERATURA ESTADOUNIDENSE 
999 |c 21376  |d 21376 
040 |a cru BVZT 
942 |c 15 D  |h 810 M-7a  |2 z